Facundo /

Guardado en:
Autor Principal: Sarmiento, Domingo Faustino
Formato: Libro
Publicado: Buenos Aires : Beeme, 2009
Materias:
Etiquetas: Agregar Etiqueta
Sin Etiquetas, Sea el primero en etiquetar este registro!
LEADER 00941nam a22002535a 4500
001 CEM.cems013536
008 130507s2009##################000#0#####d
005 20240923094744.0
245 1 0 |a Facundo /  |c Domingo Faustino Sarmiento 
260 |a Buenos Aires :  |b Beeme,  |c 2009 
300 |a 240 p. 
500 |a Incluye biografía del autor 
020 |a 9789871594245 
100 1 |a Sarmiento, Domingo Faustino 
082 0 4 |a A868.2 
653 |a Literatura 
653 |a Literatura argentina 
653 |a Historia argentina 
653 |a Narrativa argentina - siglo 19 
859 |a CEMS  |b BIB. CEMS - 11 de abril  |h A868.2  |i Sa74-11  |p 26156.11  |t Ej.1 
859 |a CEMS  |b BIB. CEMS - 11 de abril  |h A868.2  |i Sa74-11  |p 29531.24  |t Ej.2 
859 |a CEMS  |b BIB. CEMS - 11 de abril  |h A868.2  |i Sa74-11  |p 29532.24  |t Ej. 3 
859 |a CEMS  |b BIB. CEMS - 11 de abril  |h A868.2  |i Sa74-11  |p 29533.24  |t Ej.4 
859 |a CEMS  |b BIB. CEMS - 11 de abril  |h A868.2  |i Sa74-11  |p 29534.24  |t Ej.5